[Event "Mataro op 11th"]
[Site "Mataro"]
[Date "2014.09.27"]
[Round "1"]
[White "Ten Gomez, Sergi"]
[Black "Moriche Vivas, Carlos"]
[Result "1-0"]
[WhiteElo "1998"]
[BlackElo "1803"]
[PlyCount "55"]
[EventDate "2014.09.27"]
[EventType "swiss"]
[EventRounds "9"]
[EventCountry "ESP"]
[SourceTitle "EXT 2016"]
[Source "ChessBase"]
[SourceDate "2015.10.08"]
[SourceVersion "1"]
[SourceVersionDate "2015.10.08"]
[SourceQuality "1"]

1. e4 e5 2. d4 f6 3. dxe5 fxe5 4. Qh5+ g6 5. Qxe5+ Qe7 6. Qxh8 Qf7 7. Qe5+ Be7 8. Qxc7 Nc6 9. Nf3 Nf6 10. Bd3 Qe6 11. Ng5 Qg4 12. Be2 Qh4 13. g3 Qh6 14. Be3 Qg7 15. Nc3 d6 16. Nb5 Qf8 17. 0-0-0 Nd7 18. Nxd6+ Bxd6 19. Rxd6 Nde5 20. Rhd1 Qe7 21. Qxe7+ Kxe7 22. Nxh7 Be6 23. Bc5 Kf7 24. Ng5+ Kf6 25. Nxe6 Nf7 26. Nc7+ Nxd6 27. Rxd6+ Ke5 28. Re6# 1-0

[Event "Llinars del Valles op-A 8th"]
[Site "Llinars del Valles"]
[Date "2014.06.07"]
[Round "6"]
[White "Panades Catarineu, Oriol"]
[Black "Ten Gomez, Sergi"]
[Result "1-0"]
[WhiteElo "1828"]
[BlackElo "1838"]
[PlyCount "101"]
[EventDate "2014.04.26"]
[EventType "swiss"]
[EventRounds "8"]
[EventCountry "ESP"]
[SourceTitle "EXT 2015"]
[Source "ChessBase"]
[SourceDate "2014.11.20"]
[SourceVersion "1"]
[SourceVersionDate "2014.11.20"]
[SourceQuality "1"]

1. e4 e6 2. d4 d5 3. exd5 exd5 4. Nf3 Bd6 5. c4 dxc4 6. Bxc4 Nf6 7. Bg5 Qe7+ 8. Qe2 Qxe2+ 9. Bxe2 Bb4+ 10. Bd2 Nc6 11. 0-0 0-0 12. a3 Bxd2 13. Nbxd2 Bf5 14. Bb5 Ne7 15. Rfe1 Ng6 16. Ne5 c6 17. Nxg6 Bxg6 18. Bc4 Rfe8 19. Nf3 Rxe1+ 20. Rxe1 Re8 21. Re5 Kf8 22. Kf1 Ng4 23. Rxe8+ Kxe8 24. b4 Ke7 25. d5 Kd6 26. dxc6 bxc6 27. Ke2 f6 28. h3 Ne5 29. Nxe5 Kxe5 30. Ke3 Bc2 31. f4+ Kd6 32. Kd4 f5 33. g3 h6 34. h4 Be4 35. Bb3 a5 36. bxa5 c5+ 37. Kc4 Bd5+ 38. Kc3 Be4 39. Ba4 Bd5 40. Bb5 Kc7 41. Bc4 Be4 42. Bb3 Kc6 43. Ba4+ Kd6 44. a6 Bd5 45. a7 Kc7 46. Bb3 Be4 47. Kc4 Kb7 48. Kxc5 Kxa7 49. Bc4 Bc2 50. Kd4 Kb6 51. Bd3 1-0

[Event "Llinars del Valles op-A 8th"]
[Site "Llinars del Valles"]
[Date "2014.05.10"]
[Round "3"]
[White "Ten Gomez, Sergi"]
[Black "Benet Saniger, Xavier"]
[Result "1-0"]
[WhiteElo "1838"]
[BlackElo "1774"]
[PlyCount "67"]
[EventDate "2014.04.26"]
[EventType "swiss"]
[EventRounds "8"]
[EventCountry "ESP"]
[SourceTitle "EXT 2015"]
[Source "ChessBase"]
[SourceDate "2014.11.20"]
[SourceVersion "1"]
[SourceVersionDate "2014.11.20"]
[SourceQuality "1"]

1. e4 c6 2. d4 d5 3. e5 c5 4. c3 cxd4 5. cxd4 Bf5 6. Nc3 e6 7. Nf3 Bb4 8. Bb5+ Nc6 9. 0-0 Nge7 10. Be3 Bxc3 11. bxc3 a6 12. Ba4 b5 13. Bc2 Rc8 14. Bg5 Bxc2 15. Qxc2 Qb6 16. Qd2 0-0 17. Rfe1 Rc7 18. Rab1 Qa7 19. h4 Rfc8 20. h5 Na5 21. Qf4 Rxc3 22. Bf6 gxf6 23. exf6 Kf8 24. Qh6+ Ke8 25. fxe7 Qxe7 26. Qxh7 Qf6 27. Ne5 Rc2 28. Ng4 Qxd4 29. Qg8+ Ke7 30. Qg5+ Kd6 31. Rbd1 Qb2 32. Qf4+ Ke7 33. Rxd5 Rc1 34. Qd6+ 1-0

[Event "Llinars del Valles op-A 8th"]
[Site "Llinars del Valles"]
[Date "2014.05.03"]
[Round "2"]
[White "Ten Gomez, Sergi"]
[Black "Melero Sanchez, Pere"]
[Result "0-1"]
[WhiteElo "1838"]
[BlackElo "1733"]
[PlyCount "70"]
[EventDate "2014.04.26"]
[EventType "swiss"]
[EventRounds "8"]
[EventCountry "ESP"]
[SourceTitle "EXT 2015"]
[Source "ChessBase"]
[SourceDate "2014.11.20"]
[SourceVersion "1"]
[SourceVersionDate "2014.11.20"]
[SourceQuality "1"]

1. e4 c5 2. b3 Nc6 3. Bb2 d6 4. Bc4 Nf6 5. d3 e6 6. Bb5 Bd7 7. Ne2 Be7 8. Nbc3 0-0 9. 0-0 a6 10. Bxc6 Bxc6 11. f4 b5 12. Ng3 b4 13. Nce2 Bb7 14. Qd2 d5 15. Bxf6 Bxf6 16. e5 Be7 17. f5 Bg5 18. Nf4 Bc8 19. Qf2 Qc7 20. Rae1 Bd7 21. Nfh5 d4 22. Ne4 Be3 23. Rxe3 dxe3 24. Qg3 g6 25. Nhf6+ Kg7 26. Nh5+ Kh8 27. Qh4 f6 28. fxg6 Qxe5 29. Nhxf6 h5 30. Ng5 Kg7 31. Nxh5+ Kxg6 32. Nf4+ Rxf4 33. Qh7+ Kxg5 34. h4+ Rxh4 35. Qe7+ Kg4 0-1

[Event "Mataro op 10th"]
[Site "Mataro"]
[Date "2013.11.16"]
[Round "7"]
[White "Roig Ruiz, Carles"]
[Black "Ten Gomez, Sergi"]
[Result "1-0"]
[WhiteElo "1939"]
[BlackElo "1949"]
[PlyCount "85"]
[EventDate "2013.09.28"]
[EventType "swiss"]
[EventRounds "9"]
[EventCountry "ESP"]
[SourceTitle "EXT 2016"]
[Source "ChessBase"]
[SourceDate "2015.10.08"]
[SourceVersion "1"]
[SourceVersionDate "2015.10.08"]
[SourceQuality "1"]

1. d4 Nc6 2. d5 Ne5 3. f4 Ng6 4. e4 e6 5. c4 Bc5 6. Nf3 exd5 7. cxd5 Qe7 8. Nc3 Nf6 9. e5 Ng4 10. Ne4 Bb4+ 11. Ke2 b6 12. Qd3 a5 13. Nd4 Ba6 14. Nb5 0-0 15. Kd1 f5 16. Qg3 N4xe5 17. Nxc7 Bxf1 18. Nxa8 Nc4 19. Nc3 Bxc3 20. Rxf1 Bxb2 21. Qb3 Qe4 22. Bxb2 Qxd5+ 23. Kc1 Rc8 24. Qc3 Nd6 25. Nc7 Rxc7 26. Qxc7 Nc4 27. Rd1 Qe4 28. Qd8+ Nf8 29. Rxd7 Qxf4+ 30. Kb1 Qe4+ 31. Rd3 Qe1+ 32. Rd1 Qb4 33. Qd5+ Kh8 34. Qd4 Na3+ 35. Kc1 Qc4+ 36. Qxc4 Nxc4 37. Rd8 Kg8 38. Kc2 Kf7 39. Re1 f4 40. Bc1 g5 41. Kc3 b5 42. Rd5 Ne6 43. Rxb5 1-0